[Event "Florianopolis op 10th"]
[Site "Florianopolis"]
[Date "2024.01.21"]
[Round "2"]
[White "Telles, Arnoldo Beber"]
[Black "Carmo, Jose Arlindo"]
[Result "1-0"]
[WhiteElo "1116"]
[BlackElo "1541"]
[PlyCount "89"]
[EventDate "2024.01.20"]
[EventType "swiss"]
[EventRounds "10"]
[EventCountry "BRA"]
[SourceTitle "CB05_2024"]
[SourceDate "2024.01.31"]
[SourceVersion "1"]
[SourceVersionDate "2024.01.31"]
[SourceQuality "1"]

1. Nf3 d5 2. c4 d4 3. b4 f6 4. Bb2 e5 5. a3 c5 6. bxc5 Bxc5 7. d3 Ne7 8. g3 0-0 9. Bg2 Nbc6 10. Nbd2 f5 11. 0-0 Ng6 12. Nb3 Bd6 13. Nfd2 Be6 14. Bc1 Qe7 15. Nf3 h6 16. Qd2 Qf6 17. e3 dxe3 18. fxe3 Rad8 19. Bb2 Qf7 20. Na5 Qc7 21. Nxc6 bxc6 22. Qc2 f4 23. c5 Be7 24. d4 Bf5 25. e4 Be6 26. dxe5 fxg3 27. hxg3 Qa5 28. Rac1 Bg4 29. Qb3+ Kh7 30. Qc3 Qxc3 31. Rxc3 Bxf3 32. Rfxf3 Nxe5 33. Rxf8 Bxf8 34. Rc2 Nd3 35. Rd2 Bxc5+ 36. Kh2 Bb6 37. e5 c5 38. Be4+ Kh8 39. Rxd3 Rf8 40. e6 Rf2+ 41. Kh3 Kg8 42. Rd7 Rxb2 43. e7 Kf7 44. Bg6+ Kxg6 45. e8Q+ 1-0

[Event "Florianopolis op 8th"]
[Site "Florianopolis"]
[Date "2022.01.28"]
[Round "7"]
[White "Lessa, Francisco Adilio"]
[Black "Carmo, Jose Arlindo"]
[Result "0-1"]
[WhiteElo "1268"]
[BlackElo "1626"]
[PlyCount "46"]
[EventDate "2022.01.24"]
[EventType "swiss"]
[EventRounds "10"]
[EventCountry "BRA"]
[SourceTitle "CBM 206 Extra"]
[Source "ChessBase"]
[SourceDate "2022.03.31"]
[SourceVersion "1"]
[SourceVersionDate "2022.03.31"]
[SourceQuality "1"]

1. e4 c5 2. Nf3 d6 3. d4 cxd4 4. Nxd4 Nf6 5. Nc3 a6 6. Be2 e5 7. Nb3 Be6 8. Bg5 Be7 9. Bxf6 Bxf6 10. 0-0 Nc6 11. Nd5 Bxd5 12. Qxd5 Qc7 13. Rad1 Be7 14. c3 0-0 15. Nd2 Qa5 16. Qb3 b5 17. Qd5 Qc7 18. a4 b4 19. Qc4 bxc3 20. Qxc3 Rfc8 21. Bg4 Nd4 22. Qd3 Rcb8 23. Nc4 Rb3 0-1

[Event "BRA-ch 87th"]
[Site "Cuiaba"]
[Date "2021.10.31"]
[Round "6"]
[White "Carmo, Jose Arlindo"]
[Black "Marquezini, Paulo Eduardo Seben"]
[Result "1-0"]
[WhiteElo "1650"]
[BlackElo "1760"]
[PlyCount "37"]
[EventDate "2021.10.28"]
[EventType "swiss"]
[EventRounds "11"]
[EventCountry "BRA"]
[SourceTitle "CBM 205 Extra"]
[Source "ChessBase"]
[SourceDate "2022.01.31"]
[SourceVersion "1"]
[SourceVersionDate "2022.01.31"]
[SourceQuality "1"]

1. e4 e5 2. Nf3 Nc6 3. Bc4 Bc5 4. c3 Nf6 5. d3 0-0 6. b4 Bb6 7. a4 a6 8. Bg5 d6 9. Nbd2 Be6 10. 0-0 h6 11. Bh4 g5 12. Nxg5 Bg4 13. Ngf3 d5 14. exd5 Ne7 15. Bxf6 Qd6 16. Ne4 Qd7 17. Bxe5 Nxd5 18. Bxd5 Qxd5 19. Nf6+ 1-0

[Event "BRA-ch 87th"]
[Site "Cuiaba"]
[Date "2021.10.28"]
[Round "1"]
[White "Carmo, Jose Arlindo"]
[Black "Luz, Arthur Nader"]
[Result "0-1"]
[WhiteElo "1650"]
[BlackElo "2149"]
[PlyCount "54"]
[EventDate "2021.10.28"]
[EventType "swiss"]
[EventRounds "11"]
[EventCountry "BRA"]
[SourceTitle "CBM 205 Extra"]
[Source "ChessBase"]
[SourceDate "2022.01.31"]
[SourceVersion "1"]
[SourceVersionDate "2022.01.31"]
[SourceQuality "1"]

1. e4 Nf6 2. e5 Nd5 3. d4 d6 4. c4 Nb6 5. f4 g6 6. Nf3 Bg7 7. Be2 dxe5 8. fxe5 c5 9. d5 0-0 10. 0-0 Bg4 11. Bf4 N8d7 12. Nbd2 Bxf3 13. Nxf3 Qb8 14. Bg3 Nxe5 15. Kh1 Nbd7 16. Qc2 Qd8 17. Rad1 Ng4 18. Rd3 Bh6 19. Qb3 f5 20. Bh4 Nge5 21. d6 g5 22. Nxg5 exd6 23. Rg3 Ng6 24. Nf3 Qe8 25. Re1 f4 26. Rg4 Qe6 27. Ng5 Qf5 0-1

[Event "Florianopolis op 7th"]
[Site "Florianopolis"]
[Date "2021.01.24"]
[Round "10"]
[White "Kannenberg, Brayan Kelvin Greth"]
[Black "Carmo, Jose Arlindo"]
[Result "0-1"]
[WhiteElo "1030"]
[BlackElo "1670"]
[PlyCount "70"]
[EventDate "2021.01.18"]
[EventType "swiss"]
[EventRounds "10"]
[EventCountry "BRA"]
[SourceTitle "CBM 200 Extra"]
[Source "ChessBase"]
[SourceDate "2021.03.31"]
[SourceVersion "1"]
[SourceVersionDate "2021.03.31"]
[SourceQuality "1"]

1. e4 c5 2. Nf3 d6 3. Bc4 Nf6 4. d3 Nc6 5. 0-0 a6 6. c3 e6 7. Bg5 Be7 8. Nbd2 0-0 9. Re1 Qc7 10. d4 d5 11. e5 Nd7 12. Bxe7 Nxe7 13. Bd3 c4 14. Bc2 f5 15. exf6 Nxf6 16. Ng5 Qd6 17. b3 h6 18. Ngf3 cxb3 19. axb3 Qc7 20. c4 b6 21. Ne5 Qd6 22. Ng6 Nxg6 23. Bxg6 Qf4 24. Nf3 Ne4 25. Bxe4 dxe4 26. Ne5 Qxf2+ 27. Kh1 Bb7 28. Rf1 Qb2 29. Rb1 Qa2 30. Rxf8+ Rxf8 31. Nd7 e3 32. d5 e2 33. Nxf8 exd1Q+ 34. Rxd1 Kxf8 35. Rf1+ Kg8 0-1

[Event "Florianopolis op 7th"]
[Site "Florianopolis"]
[Date "2021.01.22"]
[Round "7"]
[White "Carmo, Jose Arlindo"]
[Black "Metidieri, Diogenes Galavotti"]
[Result "1-0"]
[WhiteElo "1670"]
[BlackElo "1179"]
[PlyCount "63"]
[EventDate "2021.01.18"]
[EventType "swiss"]
[EventRounds "10"]
[EventCountry "BRA"]
[SourceTitle "CBM 200 Extra"]
[Source "ChessBase"]
[SourceDate "2021.03.31"]
[SourceVersion "1"]
[SourceVersionDate "2021.03.31"]
[SourceQuality "1"]

1. e4 c5 2. Nf3 d6 3. d4 cxd4 4. Nxd4 Nf6 5. Nc3 Nc6 6. Be2 a6 7. Be3 e6 8. 0-0 Qc7 9. a4 Be7 10. Nb3 0-0 11. a5 Bd7 12. f3 Rad8 13. Bb6 Qc8 14. Bxd8 Rxd8 15. Qd2 d5 16. exd5 exd5 17. Na4 Qb8 18. Nb6 Be6 19. Nd4 Bc5 20. c3 Nxd4 21. cxd4 Bd6 22. h3 Bc7 23. b4 Bf4 24. Qc3 Rc8 25. Nxc8 Bxc8 26. b5 Bg3 27. f4 g5 28. Qxg3 Ne4 29. Qe1 gxf4 30. Bd3 Ng3 31. Qe8+ Kg7 32. Rfe1 1-0

[Event "Campo Grande Brasil op"]
[Site "Campo Grande"]
[Date "2015.10.12"]
[Round "6"]
[White "Costa, Paulo Cesar"]
[Black "Carmo, Jose Arlindo"]
[Result "1-0"]
[WhiteElo "1976"]
[BlackElo "1768"]
[PlyCount "89"]
[EventDate "2015.10.09"]
[EventType "swiss"]
[EventRounds "7"]
[EventCountry "BRA"]
[SourceTitle "CBM 168 Extra"]
[Source "ChessBase"]
[SourceDate "2015.10.29"]
[SourceVersion "1"]
[SourceVersionDate "2015.10.29"]
[SourceQuality "1"]

1. Nf3 f5 2. d3 Nf6 3. Bg5 e6 4. e4 fxe4 5. dxe4 Be7 6. Nbd2 0-0 7. Bd3 h6 8. Bxf6 Bxf6 9. e5 Bg5 10. Ne4 Nc6 11. Qe2 Nb4 12. Nfxg5 Nxd3+ 13. Qxd3 hxg5 14. 0-0-0 b6 15. Qg3 Qe7 16. Nxg5 Qb4 17. Rd2 Rf5 18. Rhd1 a5 19. Rd4 Qe7 20. Ne4 Kh8 21. Nf6 Rxf6 22. exf6 Qxf6 23. Qxc7 d5 24. Qc6 Rb8 25. Qe8+ Kh7 26. Qh5+ Kg8 27. Rh4 Kf8 28. g3 Ke7 29. Rf4 Qh6 30. Qxh6 gxh6 31. Rh4 h5 32. Rxh5 Ba6 33. Re5 Rf8 34. f4 Rh8 35. h4 Rg8 36. Rg5 Rc8 37. Re1 Kf6 38. Rge5 Rc6 39. Kd2 Bc8 40. b3 b5 41. f5 b4 42. fxe6 Bxe6 43. Rxe6+ Rxe6 44. Rxe6+ Kxe6 45. Kd3 1-0